Регионална библиотека "Любен Каравелов" - Русе

Приказки (Запис номер 416870)

MARC детайли
000 -Лидер
Контролно поле с фиксирана дължина 01137nam a2200301 a 4500
003 - Код на организацията, давaща контролен номер
Контролно поле BLK
005 - Дата и час на последна редакция
Контролно поле 20250628134413.0
008 - Елементи от данни с фиксирана дължина
fixed length control field 180408b bul|||||r ||||||| ||bul||
010 ## - Наследен системен номер
LC control number KNG00073018000
020 ## - Международен стандартен номер на книга ISBN
Международен стандартен номер на книга ISBN 9786191912001
040 ## - Източник на каталожния запис
Идентификатор на билиотеката - собственик на записа BLK
041 ## - Код за език
Код за езика на текст/звукозапис или на отделно заглавие Български
Код за езика КДБФ Български
080 ## - УДК
Текстов определител УДК Българска литература
УДК код - определител по УДК 821.163.2
УДК определител -93-34
УДК - код + определител 821.163.2-93-34
100 ## - Редна дума - Автор
Автор Ран Босилек
Пълна форма на името Негенцов, Генчо Станчев
Дати, свързани с автора 1886 - 1958
Автор - информация (биография) Писател, поет. Прев. от гръцки, немски и руски език.
R(LIN) 363447
139 ## - Редно поле
Редна дума Ран Босилек
Авторски знак Ран - Р 34
245 10 - Сведения за заглавието
Заглавие Приказки
Редно поле (дума) Ран Босилек.
257 ## - Страна на издаване
Страна на създаване/издаване България
260 ## - Област на издателските данни
Място на издаване, разпространение и проч. София
Име на издателя, разпространителя и проч. Арт Етърнал Дистрибушън
Година на издаване 2016
9 (RLIN) 219425
Издателство - префикс ISBN 978-619-191-
300 ## - Физическа характеристика
Страници 179 с.
Илюстрации и др. с ил.
Размери/Мащаб 22 см
380 ## - Жанр
Жанр Детска худож. лит.
490 ## - СЕРИИ (Колекции)
9 (RLIN) 209259
Име на серия Майстори-разказвачи
500 ## - Общи забележки
Забележка Ран Босилек - псевд. на Генчо Станчев Негенцов.
856 4# - Електронен адрес и достъп
Електронен формат pdf - файл
856 4# - Електронен адрес и достъп
Електронен формат pdf - файл
999 ## - СИСТЕМНИ КОНТРОЛНИ НОМЕРА
Koha biblionumber 416870
Koha biblioitemnumber 416870
942 ## - АРТИКУЛИ
Вид на библиотечния материал Книги
Скрит в OPAC Не
Koha issues (borrowed), all copies 33
Периодичен библиозапис Да
944 ## - СЪЗДАВАНЕ И РЕДАКЦИЯ на ЗАПИСА
Създаване/Редакция Създаване
Дата на регистрацията/редакция 2021-05-31
Служител, извършил регистрацията/редакцията 30542
Статус, дата на статуса Русанова Ирена
999 ## - СИСТЕМНИ КОНТРОЛНИ НОМЕРА
Koha biblioitemnumber 416870
Наличности
Код за отписване Код за изгубен артикул Източник на класификационната схема Код за повреда Коз за рестрикции Код за отдаване Артикулен № Име на библиотеката - собственик Име на библиотеката, в която се намира в момента Статус (Текущо местоположение) Дата на вписване в системата Местоположение - отдел Цена в лева Систематично азбучна сигнатура Баркод Цена в евро Служебен тип на артикула
  Не е изгубен Universal Decimal Classification Не е повреден без рестрикции заемане за дома 833461 Регионална библиотека "Любен Каравелов" Русе Регионална библиотека "Любен Каравелов" Русе Детски отдел 2021-05-31 Детски отдел 4.50 821.163.2-93/Р 34 120000855357 2.30 Книги
  Не е изгубен Universal Decimal Classification Не е повреден без рестрикции заемане за дома 837356 Регионална библиотека "Любен Каравелов" Русе Регионална библиотека "Любен Каравелов" Русе Детски отдел 2021-06-16 Детски отдел 8.00 821.163.2-93/Р 34 Б 120000856605 4.09 Книги
Vip Innovations Ltd, Rousse, Bulgaria 2025